[Event "Primera semifinal"]
[Site "?"]
[Date "2008.05.30"]
[Round "1.1"]
[White "Vallejo Pons, Francisco"]
[Black "Anand, Viswanathan"]
[Result "1/2-1/2"]
[WhiteElo "2684"]
[BlackElo "2803"]
[PlyCount "111"]
[EventDate "2008.05.30"]
[EventType "tourn"]
[EventRounds "4"]
[EventCountry "ESP"]
[SourceDate "2008.05.30"]

{La primera semifinal de esta XXI edición del Torneo Magistral Ciudad de León
enfrenta al GM español Paco Vallejo nada menos que con el actual campeón del
mundo y viejo conocido de la afición leonesa, Viswanathan Anand. Anand y
Vallejo se han enfrentado antes en quince ocasiones, seis de ellas han sido 
jugadas a ritmo clasico y Vallejo ha logrado empatar en todas e incluso estuvo
punto de ganar una de ellas. Sin embargo, a ritmo rápido el resultado a favor
de Anand es abrumador: el campeón mundial se ha anotado el punto en 7 de las
nueve partidas acabando las otras dos en tablas. El último duelo entre ambos
tuvo lugar en Mónaco 2007 donde el doble enfrentamiento se resolvió con dos
vistorias para Anand. Al ritmo que se juega en León, 20 minutos con un
incremento de 10 segundos tras cada jugada, El GM indio es desde luego el gran
favorito ...... Veremos.} 1. e4 e5 2. Nf3 Nc6 3. Bb5 Nf6 4. O-O Bc5 {Una sorpre
sa para Vallejo que ha empleado con negras últimamente esta defensa, por
ejemplo en la final del torneo de Dos hermanas contra Vesselin Topalov} 5. Nxe5
({Topalov jugó contra Paco dos veces en la citada final} 5. c3 O-O 6. d4 Bb6 7.
Bg5 h6 8. Bh4 d6 9. Qd3 g5 ({En otra de las partidas Paco prefirió} 9... Bd7
10. Nbd2 g5 11. Bxc6 Bxc6 12. Nxg5 hxg5 13. Bxg5 {Y después de grandes
complicaciones Topalov acabó ganando lo que a la postre le dió la victoria
final en el torneo.}) 10. Bg3 Nh5 11. Bxc6 bxc6 12. dxe5 dxe5 13. Qxd8 Rxd8 {
y la partida acabó en tablas después de muchas jugadas.}) 5... Nxe5 6. d4 c6 7.
dxe5 Nxe4 8. Bd3 d5 9. exd6 Nf6 10. Qe2+ Be6 11. Bf5 {
Esta jugada es una novedad teórica de Vallejo} ({
En una antigua partida de Boris Spassky las blancas continuaron} 11. Bg5 Qxd6
12. Bxf6 gxf6 13. Nd2 Qe5 14. Ne4 Bb6 15. Kh1 O-O-O 16. a4 Kb8 {
y las negras están muy bien en Krogius,N-Spassky,B Tbilisi 1959}) 11... Qxd6
12. Bxe6 Qxe6 13. Qxe6+ fxe6 14. Nc3 Kf7 {Las negras no parecen tener ningún
problema en este final. Como nos tiene acostumbrados Anand  ha obtenido una
clara ventaja de tiempo: los relojes marcan 18 mn. para él y  12 mn. para Paco.
} 15. Bf4 Rad8 16. Rad1 Bd4 17. Rd3 ({Una alternativa interesante es} 17. Ne2)
17... e5 18. Bg5 e4 {Anand sigue jugando muy rápido y además su posición es
totalmente satisfactoria: con su última jugada permite el cambio de torre y
peón por dos piezas. en general las posiciones resultantes son valoradas como
de igualdad por Rybka.} 19. Nxe4 $5 Nxe4 20. Bxd8 Rxd8 21. Rfd1 ({En caso de} 
21. c3 Bb6 22. Rxd8 Bxd8 23. Rd1 Be7 $1 {
Las blancas no pueden ocupar la séptima fila con} 24. Rd7 $2 Nd6 $1 {
y las negras ganan.}) 21... c5 22. Kf1 Re8 23. c3 Bf6 {
Anand juega con ambición.} ({Conducía a la igualdad total.} 23... Bxf2 24. Rf3+
Ke6 25. Rxf2 Nxf2 26. Kxf2) 24. Rd7+ ({era muy interesante la sutil} 24. Rd5 $1
{y contra} b6 25. Rd7+ Re7 26. Rxe7+ Bxe7 27. Rd7 {
las blancas estarían un poco mejor}) 24... Re7 25. Rxe7+ Bxe7 26. Rd7 Nd6 $1 {
esta jugada no sería posible de haber forzado b6 con 24.Td5} 27. Rc7 c4 28. Ke2
Ke8 29. f4 Kd8 30. Rc5 g6 31. g4 Kd7 32. Kf3 h6 {
Anand mantiene una importante ventaja de tiempo 12 mn. contra 4 mn.} 33. h3 b6
34. Rd5 Ke6 35. Re5+ Kd7 36. Rd5 g5 $5 {Anand no repite jugadas, la ventaja de
tiempo en una posición de desequilibrio material justifica este intento de
ganar una partida que seguramente debe estar igualada} 37. f5 Bf6 38. Rd2 b5 {
Las negras siguen arriesgando, ahora las blancas logran activar la torre y la
posición se agudiza.} 39. Re2 a5 40. Re6 Bg7 41. Rg6 Be5 $1 {entragando el
peón de h6 para concentar toda la fuerza de sus piezas contra los peones del
flanco de dama blanco} 42. Re6 (42. Rxh6 b4 43. h4 gxh4 44. Rxh4 bxc3 45. bxc3
{Era una posibilidad, en la posición resultante es dificil valorar que peones
pasados valen más.}) 42... Bg7 43. Rg6 Be5 44. Re6 Bf4 $1 {
de nuevo Anand esquiva la repetición de jugadas.} 45. Rxh6 Bc1 46. b3 cxb3 47.
axb3 a4 {
la carrera de peones está servida, el peón a tiene evidente peligro, pero....}
48. bxa4 bxa4 49. Rh7+ Kc6 50. f6 {
las blancas también tienen un peligroso elemento en f6} a3 {
Vallejo tiene menos de un minuto en el reloj} 51. f7 a2 52. f8=Q a1=Q {
La posición ha dado un vuelco,: el ataque al rey pasa a ser el factor que
puede decidir la partida.} 53. Qg7 Bf4 {planteando peligrosas amenazas} 54.
Qc7+ Kd5 55. c4+ $1 Kd4 56. Qa7+ {y las blancas eluden todo peligro tras el
cambio de damas. Ambos Grandes Maestros acordaron tablas.   Anand ha luchado
por la victoria  exprimiendo todas la posibilidaes que ofrecia la posición y
sin eludir en ningún momento el riesgo -así son los campeones de mundo.- pero
Paco ha estado a la altura de las circunstancias y casi sin tiempo a
desplegado un juego brillante.} ({lapartida pudo haber continuado así} 56. Qa7+
Qxa7 57. Rxa7 Nxc4 58. Ra4 Bd6 59. h4 gxh4 60. Rxc4+ {y tablas}) 1/2-1/2

[Event "Primera semifinal"]
[Site "?"]
[Date "2008.05.30"]
[Round "2.1"]
[White "Anand, Viswanathan"]
[Black "Vallejo Pons, Francisco"]
[Result "1-0"]
[WhiteElo "2803"]
[BlackElo "2684"]
[PlyCount "91"]
[EventDate "2008.05.30"]
[EventType "tourn"]
[EventRounds "4"]
[EventCountry "ESP"]
[SourceDate "2008.05.30"]

1. e4 c6 2. d4 d5 3. exd5 cxd5 4. Nf3 Nf6 5. Ne5 {una idea  poco practicada
que ayer mismo Magnus Carlsen empleó con éxito para derrotar a Peter Leko en
el match que están disputando en Hungría.} e6 ({Leko eligió} 5... g6 {
en la citada partida} 6. Bd3 ({
En otra partida al más alto nivel el propio Magnus jugó} 6. Bb5+ Nbd7 7. O-O
Bg7 8. Nf3 O-O 9. Nc3 {y la partida acabó en tablas en 56 jugadas Carlsen,M
(2733)-Morozevich,A (2765) Niza 2008}) 6... Bg7 7. O-O O-O 8. c3 Nc6 9. Qe2 Nd7
10. f4 Nf6 11. Be3 Bf5 12. Nd2 Bxd3 13. Qxd3 e6 14. Rae1 Rc8 15. Bf2 Ne8 16.
Ndf3 Nd6 17. Ng5 Qe8 18. Qh3 h6 19. Ngf3 Ne4 20. g4 {y Magnus se las arregló
para ganar en 58 jugadas esta compleja posición. Carlsen,M (2765)-Leko,P (2741)
Miskolc  2008}) 6. Nd2 Nc6 7. c3 Bd6 {una jugada nueva y quizás algo
sospechosa: parace más lógico colocar este alfil en e7 lo que permitiría
cambiar eventualmente los caballos en e5} 8. f4 {la estrategia del blanco es
clara: organizar un ataque gracias a su fuerte caballo en e5.} g6 (8... O-O 9.
Bd3 Qc7 10. O-O Rb8 11. Qf3 b5 12. Qh3 {
y las blancas obtendrían una peligrosa posición de ataque}) 9. Qf3 Nh5 10. g4
Ng7 (10... Qh4+ 11. Kd1 Nf6) 11. Qh3 {impidiendo f6} h5 {
las negras no quieren permitir que la dama blanca caiga sobre la casilla h6.}
12. Bd3 Kf8 13. Ndf3 {Anand tiene 16 minutos en el reloj, el doble que Vallejo.
} Kg8 14. Bd2 $1 {la continuación más elástica} ({
también es interesante la directa} 14. Ng5 Nxe5 15. fxe5 Be7 {
aunque quizás facilitaría algo la defensa a las negras.}) 14... Bd7 ({
la clave es que no es posible} 14... hxg4 $2 15. Qxh8+ Kxh8 16. Nxf7+ Kg8 17.
Nxd8 gxf3 18. Nxc6 bxc6 19. Rg1 {y las blancas tendrían la partida ganada.})
15. O-O-O Be8 16. Rdg1 Ne7 17. Ng5 {La posición es muy tensa y también Anand
está gastando bastante tiempo ahora los relojes marca 10 minutos para anad y 5
para Paco Vallejo.} Qc7 18. Kb1 Rb8 19. gxh5 {
por fin se liquida la tensión en g4} Rxh5 20. Qg4 Nef5 21. Qd1 b5 {
als negras también pueden abrir líneas en el flanco donde está el rey enemigo}
({no es posible} 21... f6 $2 22. Nxe6 Nxe6 23. Bxf5) 22. Be2 Rh4 23. Ngf3 Rh3
24. Bf1 Rh8 (24... Rh5) 25. h4 b4 26. c4 {
Paco tiene solamente dos minutos en el reloj.} dxc4 27. Bxc4 f6 $6 {
ganando pieza pero no de la manera más precisa.} ({
Rybka ofrece clara ventaja a las negras después de} 27... Bxe5 $1 28. Nxe5 f6 {
por ejemplo} 29. Nxg6 ({no sería posible} 29. Qb3 {como en la partida} {por}
Nxd4) 29... Bxg6 30. Bd3 Bh5 {
y no parece haber suficiente compensación por la pieza sacrificada.}) 28. Qb3
$1 {quizás a paco se le haya escapado este recurso.} fxe5 29. fxe5 Be7 30.
Bxe6+ Kf8 31. Bxf5 Nxf5 32. h5 ({contra} 32. d5 {las negras tienen} Qa5 $1 {y a
} 33. d6 Bxd6 $1 34. exd6 Bf7 $1) 32... Qd7 33. d5 Qa4 {
Paco encuentra las mejores jugadas con sólo un minuto en el reloj.} 34. Qxa4
Bxa4 35. h6 ({tras} 35. hxg6 Rxh1 36. Rxh1 Kg7 {las negras no tienen problemas}
) 35... b3 36. Rxg6 bxa2+ 37. Ka1 Bb3 38. Rh5 Ke8 $4 {
un error perdedor que estropea una fantastica partida} (38... Bc2 $1 {
mantiene mantiene la incertidumbre en la posición}) 39. Rxf5 Bxd5 40. e6 $1 {
Anand encuentra la secuencia ganadora} Be4 41. h7 $1 Ba3 42. Rg8+ Ke7 43. Rf7+
Kxe6 44. Ng5+ Kd5 45. Rxb8 Rxb8 46. bxa3 {y las negras abandonan.  Una lucha
interesantísima en la que paco ha tenido en algún momento excelentes
posibilidades, una lástimsa para el GM español que al final con pocos segundos
en el reloj ha cometido un error que Anand ha castigado implacablemente.} 1-0

[Event "Primera semifinal"]
[Site "?"]
[Date "2008.05.30"]
[Round "3.1"]
[White "Vallejo Pons, Francisco"]
[Black "Anand, Viswanathan"]
[Result "1-0"]
[WhiteElo "2684"]
[BlackElo "2803"]
[PlyCount "53"]
[EventDate "2008.05.30"]
[EventType "tourn"]
[EventRounds "4"]
[EventCountry "ESP"]
[SourceDate "2008.05.30"]

1. e4 c6 {Anand tiene un repertorio muy amplio, para esta partida elige la
defensa Caro-Khan planteo sólido apropiado cuanto el marcador es favorable.} 2.
d4 d5 3. e5 {la continuación que plantea una lucha más compleja.} Bf5 4. Nf3 e6
5. Be2 Ne7 6. O-O h6 ({la continuación clásica es} 6... c5 {pero con} 7. c4 {
las blancas luchan inmediatamente por la iniciativa} Nbc6 8. Na3 dxc4 9. Nxc4
Nd5 10. Bg5 Qc7 11. Ne3 Be4 12. Rc1 h6 13. Bh4 cxd4 14. Nxd4 Qxe5 15. Nxc6 bxc6
16. Nc4 Qc7 17. Bg3 Nf4 18. Bf3 Rd8 19. Nd2 Bxf3 20. Qxf3 {as blancas lograron
la victoria en la partida también jugada a ritmo rápido Volokitin,A (2645)
-Karpov,A (2668) Cap d'Agde 2006}) 7. Nbd2 Nd7 8. Nb3 Nc8 9. a4 Be7 10. a5 O-O
11. Be3 a6 12. Ne1 f6 {las negras atacan por fin el centro blanco} 13. f4 fxe5
14. fxe5 Bg5 15. Qd2 Bxe3+ 16. Qxe3 {Los tiempos están más o menos igualados:
aproximadamente 18 minutos para cada uno} Ne7 17. Nd3 {Las blancas parecen
disfrutar de algo de ventaja gracias a su mayor dominio del espacio.} b6 18. g4
{Paco elige la continuación más agresiva: desvía el afil de la defensa de e6}
Bxd3 (18... Bg6 19. Nf4 Bf7 20. Bd3 {parece bastante prometedor para el blanco}
) 19. Bxd3 Rxf1+ 20. Rxf1 c5 $5 ({
la captura en a5 no convence a Anand: efectivamente tras} 20... bxa5 21. g5 $1
hxg5 22. Qxg5 Qe8 23. Nxa5 {y las blancas disfrutan de una clara ventaja}) 21.
dxc5 bxa5 ({El dominio del blanco sería total después de} 21... bxc5 22. Nxc5
Nxc5 23. Qxc5 Qd7) 22. g5 $1 {
Rybka opina que las blancas tienen clara ventaja tras esta ruptura} Nc6 (22...
hxg5 {podría encontrase con} 23. Qh3 $1 Nf5 24. Bxf5 exf5 25. Qxf5 Qe7 26. e6
Nf6 27. c6 Re8 28. Nd4 {y la ventaja del blanco parece aplastante}) 23. gxh6
Qh4 ({a} 23... Ndxe5 24. Nd4 $1 {sería muy fuerte}) 24. hxg7 Ndxe5 $2 ({
las negras todavía podían luchar con} 24... Kxg7 25. Kh1 Rf8 26. Rg1+ Kf7 {
y aunque la posición blanca es preferible no se vislumbra un victoriainmediata.
}) 25. Nxa5 $1 {Paco encuentra la continuación que lleva de manera forzada a
la victoria según Rybka. Paco tiene esta vez tiempo suficiente en el reloj: 8
mn. por 10 de Anand.} Qd4 26. Qxd4 Nxd4 27. Rf8+ $1 {la continuación más
fuerte, el final es desesperado para las negras.  Anand abandona. Muy buena
partida de Vallejo que derrota por primera vez en su vida a Anand y mantiene
todas sus opciones ante la cuarta y decisiva partida. Paco está mostrando una
preparación tanto técnica como anímica de primer nivel.} (27. Rf8+ Rxf8 28.
gxf8=Q+ Kxf8 29. Bxa6 Nxc2 30. c6 {
y el peón pasado blanco le cuesta una pieza a las negras.}) 1-0

[Event "Primera semifinal"]
[Site "?"]
[Date "2008.05.30"]
[Round "4.1"]
[White "Anand, Viswanathan"]
[Black "Vallejo Pons, Francisco"]
[Result "1/2-1/2"]
[WhiteElo "2803"]
[BlackElo "2684"]
[PlyCount "35"]
[EventDate "2008.05.30"]
[EventType "tourn"]
[EventRounds "4"]
[EventCountry "ESP"]
[SourceDate "2008.05.30"]

1. Nf3 {Rara vez abandona Anand su favorita 1.e4...} d5 2. c4 d4 {Paco elige
continuación más agresiva. La posición se transforma en una especie de benoni
con los colores cambiados.} 3. g3 Nc6 4. Bg2 e5 5. O-O Nf6 6. d3 Nd7 {
Las negras inician de inmediato la maniobra estándar en este tipo de posición,
el caballo se dirige a la casilla c5.} 7. e3 Be7 8. exd4 exd4 9. Nbd2 Nc5 10.
Nb3 Ne6 11. Re1 O-O 12. Ne5 Nxe5 13. Rxe5 Bf6 14. Re1 a5 {
Iniciando de nuevo la lucha por la casilla c5} 15. Bd2 c6 ({es muy interesante
} 15... a4 16. Na5 c6 17. b4 axb3 18. axb3 Nc5 {
y las negras no parecen tenr problemas.}) 16. a4 Ra7 ({
anticiparse a la continuación de la partida con} 16... c5 {
es la alternativa que recomienda Alexey Shirov} 17. Bd5 Qb6 {
no parece molestar a las negras}) 17. c5 Bd7 18. Qc2 {!!Y Anand ofrece
tablas!!  Todo se decidirá en el desempate a rápidas.  El desempate se jugará
a dos partidas de 5minutos más 3 segundos de incremento por jugada. En caso de
nuevo empate el match se decidirá tras una muerte súbita.} 1/2-1/2

[Event "Segunda semifinal"]
[Site "?"]
[Date "2008.05.31"]
[Round "1.1"]
[White "Ivanchuk, Vassily"]
[Black "Shirov, Alexei"]
[Result "1-0"]
[WhiteElo "2741"]
[BlackElo "2741"]
[PlyCount "89"]
[EventDate "2008.05.30"]
[EventType "tourn"]
[EventRounds "4"]
[EventCountry "ESP"]
[SourceDate "2008.05.30"]

{La segunda semifinal del Magistral Ciudad de León 2008 presenta un duelo
apasionante: Vassily Ivanchuk vs. Alexei Shirov.   Alexei Shirov, número 1 del
ranking español, ha jugado en León varias veces proclamándose vencedor del
Magistral en los años 1995 y 2004. Sin embargo, Ivanchuk es uno de los pocos
jugadores de la superélite que todavía no ha jugado en este torneo -aunque si
lo hizo en Cto. de Europa jugado en León en 2001- su participación se produce
cuando el GM ucraniano vive el mejor momento de su carrera ajedrecística desde
que con apenas 19 años se impusiera en Linares derrotando al mismísimo Garry
Kasparov. Ivanchuk ha ganado brillantemente hace pocos días el torneo de Sofía
con impresionante resultado, 8 puntos de 10 contra jugadores de primérisima
fila.  Ambos GM se han enfrentado muchísimas veces a lo largo de los últimos
20 años: según podemos ver en las bases de datos nada menos que en setenta
ocasiones, de las cuales cuarenta partidas han sido disputadas a ritmo clásico
y treinta a ritmos rápidos: el resultado favorece ampliamente a Ivanchuk en
ambas modalidades:  por  +13-4=23 y +10-5=15;  score que Shirov tratará, sin
duda, de rebajar aquí en León.} 1. e4 c5 2. Nf3 Nc6 3. Nc3 {
El orden antipelikán} e5 {Ayer Anand jugó en esta posición 3...g6 pasando a un
dragón acelerado en el cual las negras han eludido la formación Maroczy} 4. Bc4
Be7 5. d3 d6 6. O-O ({En la partida que resultó decisiva en la Copa del mundo
2007 Kamsky jugó contra el propio Alexei} 6. Nd2 Bg5 7. Qh5 Nh6 8. h3 Nd4 9.
O-O O-O 10. Nb3 Bxc1 11. Raxc1 Ne6 12. Ne2 Qf6 13. Nd2 Kh8 14. c3 g5 15. d4 Rg8
16. dxe5 dxe5 {con posición complicada que Kamsky logró inclinar a su favor en
los apuros de tiempo.  Kamsky,G (2714)-Shirov,A (2739) Khanty-Mansiysk 2007})
6... Nf6 7. a3 ({la línea más directa} 7. Ng5 {
se ha jugado en innumerables ocasiones en la elite mundial. Después de} O-O 8.
f4 exf4 9. Bxf4 h6 10. Nf3 Be6 11. Nd5 Bxd5 12. exd5 {las negras logran
equilibrar el juego según el veredicto de la teoría. un ejemplo es la partida
Kramnik,V (2809)-Leko,P (2736) Linares 2003}) 7... Be6 {novedad teórica} ({
un antecedente ilustre es la siguiente partida jugada a la ciega} 7... O-O 8.
h3 a6 9. Ba2 Be6 10. Nd5 Nd4 11. Ne3 Bxa2 12. Rxa2 d5 13. exd5 Nxd5 14. Nxe5
Nxe3 15. fxe3 Qd5 16. Nc4 b5 17. b3 bxc4 18. dxc4 Qd7 19. exd4 cxd4 20. c3 Bc5
21. b4 Ba7 22. c5 d3 23. Rd2 Rad8 24. Rf3 {
1-0 Kramnik,V (2777)-Van Wely,L (2617) Montecarlo 2004}) 8. Ng5 Bxc4 9. dxc4
O-O 10. b3 Nd4 11. Bb2 {Ambos han gastado aproximadamente el mismo tiempo:
tienen 15 mn. para el resto de la partida.  La posición después de la apertura
parece equilibrada aunque llena de vida.} a6 12. a4 Qd7 13. Qd3 {Tras esta Shir
ov se ha sumido en una profunda reflexión en busca del mejor plan.} Bd8 {
buscando nuevos horizontes para el alfil} ({era atractiva} 13... Nh5 {
pero después de} 14. Nh3 {las negras no consiguen nada concreto}) 14. Kh1 Ba5
15. Nd5 Nxd5 16. exd5 Qf5 17. Ne4 (17. Qxf5 Nxf5 18. Ne4 Rad8 {
y las negras están bien}) 17... Qg6 18. g4 $1 {una jugada inesperada y muy
interesante. Ivanchuk consolida la casilla e4 y pone presión en un momento en
que los relojes marcan 11 minutos para él por tan sólo 5 para su rival} (18.
Bxd4 exd4 {y el alfil estaría ahora muy bien en a5 controlando la casilla e1})
18... Bd8 $2 ({por supuesto} 18... Qxg4 $2 19. Nf6+ $1 gxf6 20. Rg1 {
gana la dama}) ({pero parece más lógico} 18... Rae8 {
y si las blancas persisten en su intención jugando} 19. f4 exf4 20. Rxf4 Re7 {
con posición de doble filo}) 19. f4 $1 Qxg4 {Alexei acepta el reto con sólo 3
minutos en el reloj. La posición se abre y,  aunque la iniciativa parece estar
en manos del blanco, la situación de su rey dará posibilidades de contrajuego
a las negras.} 20. Nxd6 exf4 21. Bxd4 cxd4 22. Nf5 $1 {
crea muchas amenazas: los acontecimientos se precipitan} Qh5 23. Rxf4 g6 24.
Qxd4 $1 {con ventaja decisiva.: el ataque es imparable} gxf5 25. Rg1+ Bg5 26.
Qf6 $1 {la clave de la combinación} h6 27. Rxf5 Kh7 28. Rfxg5 hxg5 29. Rxg5 {
y las negras están indefensas a pesar de la torre de más.} Qxg5 {
la única posible} 30. Qxg5 f5 31. d6 $1 {este peón decide la partida} f4 32. d7
f3 33. Qe7+ Kh6 34. Kg1 Rg8+ 35. Kf2 Raf8 36. c5 Rg2+ 37. Kf1 Rgg8 38. Qh4+ Kg6
39. Kf2 Rh8 40. Qe4+ Kg5 41. h4+ Kh5 42. Qxb7 Kxh4 43. Qe4+ Kg5 44. Qe5+ Kg6
45. c6 {Y Shirov abandona.  Una excelente victoria de Ivanchuk} 1-0